000 00750nam a2200265Ia 4500
003 OSt
005 20220928105416.0
006 a|||||r|||| 00| 0
007 ta
008 220927b |||||||| |||| 00| 0 eng d
020 _c6740.6300000000001
024 _a127616
037 _b166, 15/12/2015, N.R.Book Distributors
_cTextual
040 _aSDCL
_cSDCL
_beng
041 _2eng
_aeng
082 _aG:68, Q6
100 _aBrown T. A.
245 0 _aGene cloning and DNA analysis
_b An introduction
250 _a7th
260 _aChichester
_bWiley
_c2016
300 _a353p
_ccm.
650 _aMicrobiology
942 _hG:68, Q6
_cTEXL
_2CC
999 _c730978
_d730978